Logo CIB grande

Making Embedded Systems: Design Patterns for Great Software (Registro nro. 237945)

Detalles MARC
000 -LEADER
campo de control de longitud fija 00674nam a2200229Ia 4500
003 - IDENTIFICADOR DE NÚMERO DE CONTROL
campo de control EC-GqESP
005 - FECHA Y HORA DE LA ÚLTIMA TRANSACCIÓN
campo de control 20250527101335.0
008 - DATOS DE LONGITUD FIJA--INFORMACIÓN GENERAL
campo de control de longitud fija 250527s9999 xx 000 0 und d
020 ## - NÚMERO INTERNACIONAL ESTÁNDAR DEL LIBRO
Número Internacional Estándar del Libro 978-1-449-30214-6
041 ## - CÓDIGO DE IDIOMA
Código de lengua original ENG
082 ## - NÚMERO DE LA CLASIFICACIÓN DECIMAL DEWEY
Número de clasificación 005.12
100 ## - ENTRADA PRINCIPAL--NOMBRE DE PERSONA
Nombre de persona White, Elecia
245 #0 - MENCIÓN DEL TÍTULO
Título Making Embedded Systems: Design Patterns for Great Software
250 ## - MENCION DE EDICION
Mención de edición First Edition
260 ## - PUBLICACIÓN, DISTRIBUCIÓN, ETC.
Lugar de publicación, distribución, etc. United States of América
Nombre del editor, distribuidor, etc. O´Reilly
Fecha de publicación, distribución, etc. 2012
300 ## - DESCRIPCIÓN FÍSICA
Extensión 310 p.
Dimensiones 24X18.5 cm.
Otras características físicas Tablas de contenido, prefacio
500 ## - NOTA GENERAL
Nota general Tabla de Contenido, índice
650 ## - PUNTO DE ACCESO ADICIONAL DE MATERIA--TÉRMINO DE MATERIA
Término de materia o nombre geográfico como elemento de entrada Desarrollo de Software
650 ## - PUNTO DE ACCESO ADICIONAL DE MATERIA--TÉRMINO DE MATERIA
Término de materia o nombre geográfico como elemento de entrada Diseño de Software
650 ## - PUNTO DE ACCESO ADICIONAL DE MATERIA--TÉRMINO DE MATERIA
Término de materia o nombre geográfico como elemento de entrada Sistemas Integrados
942 ## - ELEMENTOS DE ENTRADA SECUNDARIOS (KOHA)
Tipo de ítem Koha Libros
Existencias
Estatus retirado Estado de pérdida Fuente de la clasificación o esquema de estantería Estado de daño No para préstamo Biblioteca de origen Biblioteca actual Fecha de adquisición Coste, precio normal de compra Etiqueta RFID Total de préstamos Signatura topográfica completa Código de barras Visto por última vez Copia número Fecha de reemplazo Tipo de ítem Koha
    Clasificación Decimal Dewey     CENTRO DE INFORMACIÓN BIBLIOTECARIA CENTRO DE INFORMACIÓN BIBLIOTECARIA 09/04/2025 5.00 0000000000000000037747   WHI D-202397 27/05/2025 1 27/05/2025 Libros

Copyright 2025 ESPOL. Todos los derechos reservados.